| 000 | 00990nam a2200229 i 4500 | ||
|---|---|---|---|
| 001 | 187617 | ||
| 003 | ES-MaACL | ||
| 005 | 20250809063543.0 | ||
| 008 | 171211s2013 sp ab |||| | spa d | ||
| 080 | _a929 Núñez de Balboa | ||
| 100 | 1 |
_aTamames, Ramón, _d1933- _9237391 |
|
| 245 | 1 | 0 |
_aVasco Núñez de Balboa y el Mar del Sur _b: navegaciones y conquistas en los siglos XVI a XIX / _cRamón Tamames. |
| 260 |
_aMadrid : _bDespacho de Ramón Tamames, _c[2013] |
||
| 300 |
_a144 p. : _bil. y mapas ; _c22 cm. |
||
| 500 | _aEn port.: Ediciones del V Centenario del descubrimiento del Mar del Sur (1513-2013) | ||
| 600 | 1 | 4 |
_aNúñez de Balboa, Vasco, _dca. 1475-1517 _986182 |
| 651 | 4 |
_aPacífico- _xDescubrimientos y exploraciones- _xEspañoles. _9155865 |
|
| 852 |
_aES-MaACL _jA-14060 _9194703 _bR.151334 _cDEPO1 _dOlim: N-7060 _hDonación: Real Academia Española |
||
| 914 |
_96336 _aReal Academia Española _ednr |
||
| 942 |
_2udc _cMONOGRAFIA |
||
| 999 |
_c187617 _d187617 |
||